Statistiques concernant Brawlhalla : TOUS les personnages

Cliquez ici pour prendre le quiz!

Statistiques générales

  • Ce quiz a été pris 289 fois
  • Le résultat moyen est 28 sur 55

Statistiques - réponses

#Nom% Correct
3Orion
85%
30Nix
80%
1Bodvar
79%
31Mordex
75%
2Cassidy
69%
33Artemis
66%
7Hattori
65%
6Queen Nai
63%
14Teros
63%
4Lord Vraxx
62%
29Mirage
62%
39Jiro
61%
25Wu Shang
61%
42Rayman
60%
51Mako
57%
36Xull
57%
8Sir Roland
56%
11Ada
54%
24Kor
54%
16Asuri
53%
18Ember
52%
13Lucien
52%
9Scarlet
52%
21Ulgrim
52%
26Val
52%
22Diana
48%
20Koji
48%
45Thor
48%
32Yumiko
48%
15Brynn
47%
34Caspian
46%
5Gnash
46%
46Petra
46%
27Ragnir
45%
12Sentinel
45%
28Cross
44%
44Fait
44%
50Jaeyun
43%
37Kaya
43%
40Lin Fei
43%
52Magyar
41%
49Onyx
41%
35Sidra
41%
10Thatch
41%
48Volkov
40%
41Zariel
39%
17Barraza
38%
43Dusk
37%
55Arcadia
36%
19Azoth
36%
23Jhala
36%
38Isaiah
34%
47Vector
34%
54Munin
32%
53Reno
32%

Distribution des résultats

Percentile par nombre de réponses

% des personnes avec chaque résultat

Votre développement - résultats

Vous n’avez pas pris ce quiz